| 000 | 00572nam a2200217 a 4500 | ||
|---|---|---|---|
| 001 | 46734 | ||
| 003 | BD-RjUL | ||
| 005 | 20211209054210.0 | ||
| 008 | 160804s1979 xxu||||| |||| 00| 0 eng d | ||
| 035 | _a(BD-RjUL)46853 | ||
| 040 |
_aBD-RjUL _beng _cBD-RjUL |
||
| 041 | _aeng | ||
| 082 |
_a370 _223 _bUNE 1979 |
||
| 110 |
_aUnesco _9142452 |
||
| 245 | _aEducational reforms : experiences and prospects / | ||
| 260 |
_aBelgium : _bUnesco, _c1979 |
||
| 300 |
_a232p. ; _c23cm. |
||
| 650 |
_2Education _z Congresses. _9142442 |
||
| 710 |
_aUnesco _9142441 |
||
| 942 |
_2ddc _cBK |
||
| 999 |
_c46734 _d46734 |
||